| 000 | 00345nam a2200133Ia 4500 | ||
|---|---|---|---|
| 005 | 20251222144858.0 | ||
| 008 | 251222s9999||||xx |||||||||||||| ||spa|| | ||
| 020 | _a978-0-582-46897-9 | ||
| 082 | _a428.246.58/S98 | ||
| 100 | _aSweeney, Simon | ||
| 245 | 0 | _aTest Your, Professional English: | |
| 264 | _bPearson Educación Limited | ||
| 942 | _cLIB | ||
| 999 |
_c21863 _d21863 |
||